Normal view
MARC view
- MANUAL OF UNIVERSITY LAWS IN PAKISTAN.UNIVERSITY LAWS IN PAKISTAN
Entry Topical Term
001 - CONTROL NUMBER
- control field: 61648
003 - CONTROL NUMBER IDENTIFIER
- control field: NUST
005 - DATE AND TIME OF LATEST TRANSACTION
- control field: 20210628202805.0
008 - FIXED-LENGTH DATA ELEMENTS
- fixed length control field: 210628|| aca||aabn | a|a d
040 ## - CATALOGING SOURCE
- Original cataloging agency: NUST
- Transcribing agency: NUST
150 ## - HEADING--TOPICAL TERM
- Topical term or geographic name entry element: MANUAL OF UNIVERSITY LAWS IN PAKISTAN.UNIVERSITY LAWS IN PAKISTAN
670 ## - SOURCE DATA FOUND
- Source citation: Work cat.: (NUST): Isani, U.A.G.Dr , Mohammad Latif Virk. Dr 61647, Manual of university laws in pakistan, 2006
